United States 1 - 10 - Statistics

General Stats
  • This quiz has been taken 20 times
    12 since last reset
  • The average score is 47 of 55
Answer Stats
Answer % Correct
Major Bodies of Water {Atlantic} Ocean
100%
Boroughs of New York Brooklyn
100%
Bordering Countries Canada
100%
Longest Rivers Colorado River
100%
Founding Fathers George Washington
100%
Major Bodies of Water Gulf of {Mexico}
100%
Major Bodies of Water Lake {Erie}
100%
Major Bodies of Water Lake {Huron}
100%
Major Bodies of Water Lake {Michigan}
100%
Major Bodies of Water Lake {Ontario}
100%
Major Bodies of Water Lake {Superior}
100%
2.5 million+ cities Los Angeles
100%
States starting with M Maine
100%
Boroughs of New York Manhattan
100%
States starting with M Maryland
100%
States starting with M Massachusetts
100%
Bordering Countries Mexico
100%
States starting with M Michigan
100%
States starting with M Mississippi
100%
Longest Rivers Mississippi River
100%
States starting with M Missouri
100%
Longest Rivers Missouri River
100%
States starting with M Montana
100%
"New" States New Hampshire
100%
"New" States New Jersey
100%
"New" States New Mexico
100%
2.5 million+ cities New York
100%
"New" States New York
100%
Major Bodies of Water {Pacific} Ocean
100%
Branches of the Military Air Force
92%
Major Bodies of Water {Arctic} Ocean
92%
Branches of the Military Army
92%
States starting with M Minnesota
92%
Highest Mountain Mount Denali
92%
Branches of the Military Navy
92%
Boroughs of New York Queens
92%
Boroughs of New York The Bronx
92%
Founding Fathers Benjamin Franklin
83%
Branches of the Military Coast Guard
83%
Founding Fathers John Adams
83%
Branches of the Military Marine Corps
83%
Boroughs of New York Staten Island
83%
Founding Fathers Thomas Jefferson
83%
2.5 million+ cities Chicago
75%
Longest Rivers Ohio River
75%
Longest Rivers Rio Grande River
75%
Founding Fathers Alexander Hamilton
67%
Major Bodies of Water {Caribbean} Sea
67%
Branches of the Military Space Force
67%
Founding Fathers James Madison
58%
Longest Rivers Yukon River
42%
Longest Rivers Arkansas River
33%
Longest Rivers Saint Lawrence River
33%
Founding Fathers John Jay
8%
Longest Rivers Atchafalaya River
0%
No matching quizzes found
Score Distribution
Percent of People with Each Score
Percentile by Number Answered
Your Score History
You have not taken this quiz since the last reset